Football : équipe de France Euro 2016 - Statistiques

Statistiques générales
  • Ce quiz a été pris 240 fois
  • Le résultat moyen est 17 sur 23
Statistiques - réponses
Club Joueur % Correct
Tottenham Gardien Lloris
99%
OM Gardien Mandanda
96%
Atletico Madrid Milieu offensif Griezmann
94%
Juventus Milieu Pogba
93%
Leicester Milieu défensif Kanté
89%
Bayern Munich Ailier Coman
85%
Tigres Attaquant de pointe Gignac
85%
Arsenal Attaquant de pointe Giroud
85%
West Ham Milieu offensif/Ailier Payet
85%
PSG Milieu Matuidi
83%
Manchester United Attaquant de pointe Martial
80%
Juventus Latéral gauche Evra
78%
Arsenal Défenseur central Koscielny
72%
OL Défenseur central Umtiti
71%
Manchester City Latéral droit Sagna
67%
Newcastle Milieu Sissoko
66%
Stade Rennais Gardien Costil
62%
AS Roma Latéral gauche Digne
61%
Séville Défenseur central Rami
61%
Crystal Palace Milieu Cabaye
59%
Manchester City Défenseur central Mangala
48%
Manchester United Milieu Schneiderlin
42%
OL Latéral droit Jallet
39%
Aucun quiz correspondant
Distribution des résultats
% des personnes avec chaque résultat
Percentile par nombre de réponses
Votre historique - résultats
Vous n’avez pas pris ce quiz